[Event "Titled Tuesday intern op 05th Sep Late"]
[Site "Chess.com INT"]
[Date "2023.09.05"]
[Round "5"]
[White "Erenberg, Ariel"]
[Black "Rodrigues, Adriano Pfuhl"]
[Result "1-0"]
[WhiteElo "2496"]
[BlackElo "2295"]
[PlyCount "157"]
[EventDate "2023.09.05"]
[EventType "swiss (blitz)"]
[EventRounds "11"]
[EventCountry "USA"]
[SourceTitle "EXT 2024"]
[Source "ChessBase"]
[SourceDate "2023.10.10"]
[SourceVersion "1"]
[SourceVersionDate "2023.10.10"]
[SourceQuality "1"]

1. d4 Nf6 2. c4 e5 3. dxe5 Ng4 4. Bf4 Nc6 5. Nf3 Bb4+ 6. Nbd2 Qe7 7. e3 Ngxe5 8. Nxe5 Nxe5 9. a3 Bxd2+ 10. Qxd2 d6 11. Be2 0-0 12. 0-0 Be6 13. Qc3 f6 14. b4 Rad8 15. h3 Bf7 16. Bh2 c6 17. Rad1 Rfe8 18. Rfe1 d5 19. cxd5 Bxd5 20. Bf1 Nf7 21. e4 Be6 22. f4 Rxd1 23. Rxd1 Rd8 24. Re1 a6 25. e5 f5 26. Bg3 Bd5 27. Bf2 b5 28. Be2 Qe6 29. Rc1 Rd7 30. Bf3 Nd8 31. Bb6 h6 32. Bxd5 cxd5 33. Qc8 Qxb6+ 34. Kh1 Qe6 35. Rc7 Rxc7 36. Qxd8+ Kh7 37. Qxc7 d4 38. Qd6 Qc4 39. e6 Qc1+ 40. Kh2 Qe3 41. e7 d3 42. Qe5 Qxe5 43. fxe5 d2 44. e8Q d1Q 45. Qc8 Qd3 46. e6 Qe4 47. Qxa6 Qf4+ 48. Kg1 Qc1+ 49. Kf2 Qd2+ 50. Kf3 Qd3+ 51. Kf4 Qe4+ 52. Kg3 Qe5+ 53. Kf2 Qd4+ 54. Ke2 Qb2+ 55. Kd3 Qb3+ 56. Kd4 Qc4+ 57. Ke5 Qe4+ 58. Kd6 f4 59. Qc6 Qg6 60. Kd7 Qf5 61. Qd6 g5 62. Kd8 g4 63. e7 f3 64. gxf3 Qg5 65. fxg4 h5 66. gxh5 Qh4 67. Qg6+ Kh8 68. Qh6+ Kg8 69. Qe6+ Kh8 70. Qe5+ Kh7 71. Kd7 Qxh3+ 72. Kc7 Qg4 73. e8Q Qc4+ 74. Qc5 Qf4+ 75. Qee5 Qf7+ 76. Qce7 Kh6 77. Qe3+ Kxh5 78. Qxf7+ Kg4 79. Qee6+ 1-0

[Event "Titled Tuesday intern op 25th Apr Early"]
[Site "Chess.com INT"]
[Date "2023.04.25"]
[Round "4"]
[White "Arencibia Monduy, Antonio"]
[Black "Rodrigues, Adriano Pfuhl"]
[Result "1-0"]
[WhiteElo "2122"]
[BlackElo "2295"]
[PlyCount "33"]
[EventDate "2023.04.25"]
[EventType "swiss (blitz)"]
[EventRounds "11"]
[EventCountry "USA"]
[SourceTitle "EXT 2024"]
[Source "ChessBase"]
[SourceDate "2023.10.10"]
[SourceVersion "1"]
[SourceVersionDate "2023.10.10"]
[SourceQuality "1"]

1. e4 e5 2. Bc4 Nf6 3. d3 c6 4. Nf3 Be7 5. 0-0 d6 6. Bb3 a5 7. c3 0-0 8. Re1 b5 9. a4 b4 10. Nbd2 Na6 11. d4 Qc7 12. Nf1 c5 13. dxe5 dxe5 14. Bc4 Bb7 15. Ng3 Rad8 16. Qe2 Nb8 17. Bg5 1-0

[Event "Titled Tuesday intern op 4th Aug 10am"]
[Site "Chess.com INT"]
[Date "2020.08.04"]
[Round "1"]
[White "Weetik, Vjacheslav"]
[Black "Rodrigues, Adriano Pfuhl"]
[Result "1-0"]
[WhiteElo "2423"]
[BlackElo "2295"]
[PlyCount "57"]
[EventDate "2020.08.04"]
[EventType "swiss (blitz)"]
[EventRounds "10"]
[EventCountry "USA"]
[SourceTitle "CBM 197 Extra"]
[Source "ChessBase"]
[SourceDate "2020.09.30"]
[SourceVersion "1"]
[SourceVersionDate "2020.09.30"]
[SourceQuality "1"]

1. d4 Nf6 2. c4 e6 3. Nf3 c5 4. d5 b5 5. Bg5 bxc4 6. Nc3 h6 7. Bxf6 Qxf6 8. e4 d6 9. Bxc4 e5 10. Qa4+ Bd7 11. Qb3 Bc8 12. Bb5+ Bd7 13. Bxd7+ Nxd7 14. Qb7 Rb8 15. Qxa7 Rxb2 16. 0-0 Qd8 17. Rab1 Qb8 18. Qxb8+ Rxb8 19. Rxb8+ Nxb8 20. Rb1 Nd7 21. Rb7 Kd8 22. Nd2 Kc8 23. Ra7 Be7 24. Nc4 Rd8 25. Nb5 Kb8 26. a4 Bf8 27. a5 f5 28. a6 fxe4 29. Rb7+ 1-0

[Event "Titled Tuesday intern op 7th April"]
[Site "Chess.com INT"]
[Date "2020.04.07"]
[Round "5"]
[White "Komarov, Dimitri"]
[Black "Rodrigues, Adriano Pfuhl"]
[Result "1-0"]
[WhiteElo "2493"]
[BlackElo "2295"]
[PlyCount "97"]
[EventDate "2020.04.07"]
[EventType "swiss (blitz)"]
[EventRounds "10"]
[EventCountry "USA"]
[SourceTitle "EXT 2021"]
[Source "ChessBase"]
[SourceDate "2020.10.23"]
[SourceVersion "1"]
[SourceVersionDate "2020.10.23"]
[SourceQuality "1"]

1. d4 f5 2. Nc3 Nf6 3. Bg5 d5 4. Bxf6 exf6 5. e3 Be6 6. Bd3 c6 7. Qf3 g6 8. h4 h5 9. Nce2 Bf7 10. 0-0-0 Nd7 11. Qg3 Qb8 12. Nh3 Qxg3 13. Nxg3 Bd6 14. Nf4 0-0-0 15. Nge2 Nf8 16. Kb1 Ne6 17. Nxe6 Bxe6 18. Rc1 Rhe8 19. c4 dxc4 20. Bxc4 Bxc4 21. Rxc4 Kb8 22. g3 Bc7 23. Rg1 Bb6 24. Nf4 Rg8 25. b4 Rd7 26. Kc2 Bc7 27. Nd3 Bd6 28. Nc5 Bxc5 29. bxc5 Rc8 30. Rb4 Rcc7 31. Rgb1 Kc8 32. a4 a6 33. Rb6 a5 34. Kc3 Re7 35. Kc4 Red7 36. R6b3 Kd8 37. f3 Ke7 38. e4 fxe4 39. fxe4 Ke6 40. Rd3 Rc8 41. d5+ cxd5+ 42. exd5+ Kf7 43. Rb5 Rdc7 44. d6 Rc6 45. Rxb7+ Ke6 46. Re7+ Kf5 47. Rd5+ Kg4 48. d7 Rd8 49. Re8 1-0

[Event "Niteroi op 1st"]
[Site "Niteroi"]
[Date "2019.09.04"]
[Round "1"]
[White "Baldussi Fernandes, Bruno Mendonca"]
[Black "Rodrigues, Adriano Pfuhl"]
[Result "0-1"]
[WhiteElo "1750"]
[BlackElo "2305"]
[PlyCount "74"]
[EventDate "2019.09.04"]
[EventType "swiss"]
[EventRounds "7"]
[EventCountry "BRA"]
[SourceTitle "EXT 2020"]
[Source "ChessBase"]
[SourceDate "2019.10.17"]
[SourceVersion "1"]
[SourceVersionDate "2019.10.17"]
[SourceQuality "1"]

1. e4 c5 2. c3 e6 3. Nf3 Nf6 4. e5 Nd5 5. d4 cxd4 6. cxd4 Nc6 7. Bc4 d6 8. 0-0 dxe5 9. dxe5 Be7 10. Qe2 0-0 11. Qe4 Qc7 12. Nc3 Nxc3 13. bxc3 b6 14. Bd3 g6 15. Re1 Bb7 16. Qg4 Rfd8 17. Bc4 Nd4 18. cxd4 Qxc4 19. Be3 Rac8 20. Ng5 Qd5 21. f3 Rc2 22. Qh4 Rxg2+ 23. Kxg2 Bxg5 24. Qf2 Bh4 25. Qe2 Bxe1 26. Rxe1 Rc8 27. Rf1 Rc3 28. Qf2 Ra3 29. Ra1 b5 30. Re1 Rxa2 31. Re2 Rxe2 32. Qxe2 b4 33. Kf2 b3 34. Ke1 a5 35. Qb2 a4 36. Qa3 Qxf3 37. Bh6 Qh1+ 0-1

[Event "Internet Section 06A g/8'+2\""]
[Site "Dos Hermanas"]
[Date "2004.03.06"]
[Round "4"]
[White "Rodrigues, Adriano Pfuhl"]
[Black "D'Arruda, Ricardo D"]
[Result "0-1"]
[WhiteElo "2305"]
[BlackElo "2320"]
[PlyCount "116"]
[EventDate "2004.03.06"]
[EventType "swiss (blitz)"]
[EventRounds "9"]
[EventCountry "ESP"]
[SourceTitle "CBM 099 Extra"]
[Source "ChessBase"]
[SourceDate "2004.05.04"]
[SourceVersion "1"]
[SourceVersionDate "2004.05.04"]
[SourceQuality "1"]

1. e4 c6 2. Nc3 d5 3. d4 dxe4 4. Nxe4 Bf5 5. Ng3 Bg6 6. Nf3 Nd7 7. Bc4 e6 8. 0-0 Ngf6 9. b3 Be7 10. Bb2 0-0 11. Qe2 Nb6 12. Bd3 Bxd3 13. Qxd3 Nbd5 14. c4 Nf4 15. Qe3 Ng6 16. Rad1 Re8 17. a3 Qa5 18. b4 Qa6 19. Ne5 Red8 20. f4 Re8 21. Rc1 Bf8 22. Rfe1 Rad8 23. Ne4 Nxe4 24. Qxe4 Qb6 25. Bc3 Qa6 26. Bb2 Qa4 27. Re3 a5 28. bxa5 Qxa5 29. Rf1 Qa6 30. Rh3 f5 31. Qc2 Nxe5 32. fxe5 b5 33. Rc3 bxc4 34. Rxc4 Rb8 35. Bc1 Rb6 36. h3 Reb8 37. Rd1 Qb5 38. Kh2 Qd5 39. a4 h6 40. Rd3 Ra8 41. Rdc3 Raa6 42. a5 Rxa5 43. Rxc6 Rxc6 44. Rxc6 Ra2 45. Bb2 Rxb2 46. Qxb2 Qxc6 47. Kg3 Qe4 48. Qb6 Qd5 49. Qa7 Kh7 50. Kh2 Bb4 51. Qf7 Bc3 52. h4 Bxd4 53. h5 Qxe5+ 54. Kh3 Qe3+ 55. g3 Qg5 56. Qxe6 Bf2 57. Qb3 Qxh5+ 58. Kg2 Ba7 0-1

[Event "Internet Section 06A g/8'+2\""]
[Site "Dos Hermanas"]
[Date "2004.03.06"]
[Round "7"]
[White "Rodrigues, Adriano Pfuhl"]
[Black "Denisov, Sergey"]
[Result "1-0"]
[WhiteElo "2305"]
[BlackElo "1993"]
[PlyCount "55"]
[EventDate "2004.03.06"]
[EventType "swiss (blitz)"]
[EventRounds "9"]
[EventCountry "ESP"]
[SourceTitle "CBM 099 Extra"]
[Source "ChessBase"]
[SourceDate "2004.05.04"]
[SourceVersion "1"]
[SourceVersionDate "2004.05.04"]
[SourceQuality "1"]

1. e4 e5 2. Nf3 Nc6 3. Bb5 a6 4. Ba4 Nf6 5. 0-0 b5 6. Bb3 Bc5 7. c3 d6 8. h3 0-0 9. d4 Bb6 10. Be3 Rb8 11. Nbd2 exd4 12. cxd4 Ne7 13. Rc1 Ng6 14. Bc2 Nh5 15. Re1 Nhf4 16. Nf1 Qf6 17. Ng3 Re8 18. e5 dxe5 19. dxe5 Qe7 20. Bxb6 Rxb6 21. Bf5 Be6 22. Bb1 Rd8 23. Qc2 Nd3 24. Rcd1 Nxe1 25. Rxe1 Qd7 26. h4 Rc6 27. Qe2 Bc4 28. Qe3 1-0

[Event "BRA-ch 69th"]
[Site "Brasilia"]
[Date "2003.01.14"]
[Round "8"]
[White "Rodrigues, Adriano Pfuhl"]
[Black "Pelikian, Jefferson"]
[Result "1/2-1/2"]
[WhiteElo "2287"]
[BlackElo "2407"]
[PlyCount "40"]
[EventDate "2003.01.07"]
[EventType "swiss"]
[EventRounds "9"]
[EventCountry "BRA"]
[SourceTitle "CBM 092 Extra"]
[Source "ChessBase"]
[SourceDate "2003.03.07"]
[SourceVersion "1"]
[SourceVersionDate "2003.03.07"]
[SourceQuality "1"]

1. e4 c6 2. d4 d5 3. exd5 cxd5 4. Bd3 Nc6 5. c3 Nf6 6. Bf4 Bg4 7. Ne2 e6 8. 0-0 Bd6 9. Qd2 Bxe2 10. Bxe2 Qc7 11. Bxd6 Qxd6 12. Qg5 0-0 13. Nd2 Rab8 14. Bd3 e5 15. dxe5 Nxe5 16. Be2 d4 17. cxd4 Qxd4 18. Nf3 Nxf3+ 19. Bxf3 Qxb2 20. Qa5 Qb6 1/2-1/2

[Event "BRA-ch 69th"]
[Site "Brasilia"]
[Date "2003.01.12"]
[Round "5"]
[White "Bittencourt, Jorge Humberto M"]
[Black "Rodrigues, Adriano Pfuhl"]
[Result "1/2-1/2"]
[WhiteElo "2303"]
[BlackElo "2287"]
[PlyCount "33"]
[EventDate "2003.01.07"]
[EventType "swiss"]
[EventRounds "9"]
[EventCountry "BRA"]
[SourceTitle "CBM 092 Extra"]
[Source "ChessBase"]
[SourceDate "2003.03.07"]
[SourceVersion "1"]
[SourceVersionDate "2003.03.07"]
[SourceQuality "1"]

1. e4 c5 2. Nf3 e6 3. d4 cxd4 4. Nxd4 a6 5. Bd3 Nc6 6. Nxc6 dxc6 7. Nd2 e5 8. Qh5 Bd6 9. Nc4 Nf6 10. Nxd6+ Qxd6 11. Qe2 0-0 12. 0-0 Be6 13. a4 Nd7 14. Rd1 a5 15. b3 Qc7 16. Be3 Rfd8 17. f3 1/2-1/2

[Event "BRA-ch 69th"]
[Site "Brasilia"]
[Date "2003.01.09"]
[Round "1"]
[White "Sales Filho, Espedito Severiano"]
[Black "Rodrigues, Adriano Pfuhl"]
[Result "1/2-1/2"]
[WhiteElo "2068"]
[BlackElo "2287"]
[PlyCount "58"]
[EventDate "2003.01.07"]
[EventType "swiss"]
[EventRounds "9"]
[EventCountry "BRA"]
[SourceTitle "CBM 092 Extra"]
[Source "ChessBase"]
[SourceDate "2003.03.07"]
[SourceVersion "1"]
[SourceVersionDate "2003.03.07"]
[SourceQuality "1"]

1. Nf3 d5 2. d4 Nf6 3. Bf4 g6 4. h3 Bg7 5. e3 0-0 6. Nbd2 b6 7. Bd3 c5 8. c3 Nc6 9. Ne5 Nxe5 10. Bxe5 Bb7 11. 0-0 Qc8 12. Qf3 Nd7 13. Bxg7 Kxg7 14. Qg3 Ba6 15. Bxa6 Qxa6 16. Nf3 Rac8 17. Qh4 Nf6 18. Ne5 Qe2 19. Rab1 Rfe8 20. g4 h6 21. Rfe1 Qa6 22. a3 Ne4 23. f4 f6 24. Nxg6 Kxg6 25. Qh5+ Kg7 26. f5 Rh8 27. Rbd1 Qb5 28. b4 cxb4 29. cxb4 Qe8 1/2-1/2

[Event "Brasil op"]
[Site "Brasilia"]
[Date "2002.??.??"]
[Round "5"]
[White "Rodrigues, Adriano Pfuhl"]
[Black "Silva, Carlos Alessandro"]
[Result "0-1"]
[WhiteElo "2293"]
[BlackElo "2103"]
[PlyCount "90"]
[EventDate "2002.01.17"]
[EventType "swiss"]
[EventRounds "6"]
[EventCountry "BRA"]
[SourceTitle "CBM 086 Extra"]
[Source "ChessBase"]
[SourceDate "2002.03.14"]
[SourceVersion "1"]
[SourceVersionDate "2002.03.14"]
[SourceQuality "1"]

1. Nf3 Nf6 2. g3 b6 3. Bg2 Bb7 4. 0-0 e6 5. d3 d5 6. Nbd2 c5 7. e4 Nc6 8. Qe2 Be7 9. c3 Qc7 10. Re1 h6 11. e5 Nd7 12. Nf1 g5 13. h3 0-0-0 14. a3 Rdg8 15. b4 h5 16. g4 hxg4 17. hxg4 f6 18. exf6 Bxf6 19. d4 cxd4 20. b5 d3 21. Qxd3 Nce5 22. Nxe5 Bxe5 23. Rxe5 Nxe5 24. Qe2 Rh4 25. f3 Kb8 26. Be3 Qc4 27. Qe1 Nd3 28. Qd2 Nf4 29. Re1 e5 30. Bf2 Nxg2 31. Kxg2 d4 32. Bxh4 gxh4 33. cxd4 Rxg4+ 34. Kf2 Rxd4 35. Qg5 Rd5 36. Re2 Qd4+ 37. Ne3 Rxb5 38. Qg8+ Bc8 39. Rc2 Rc5 40. Rxc5 Qxc5 41. Ke2 Qxa3 42. Nd5 h3 43. Qd8 Qc5 44. Ne7 h2 45. Nxc8 Qc4+ 0-1

[Event "Paulisto-ch final"]
[Site "Americana"]
[Date "1999.??.??"]
[Round "3"]
[White "Rodrigues, Adriano Pfuhl"]
[Black "Dianda, Joao Carlos"]
[Result "1/2-1/2"]
[WhiteElo "2300"]
[BlackElo "2164"]
[PlyCount "106"]
[EventDate "1999.11.??"]
[EventType "k.o."]
[EventRounds "6"]
[EventCountry "BRA"]
[SourceTitle "CBM 073 Extra"]
[Source "ChessBase"]
[SourceDate "2000.01.11"]
[SourceVersion "1"]
[SourceVersionDate "2000.01.11"]
[SourceQuality "1"]

1. Nf3 Nf6 2. g3 b6 3. Bg2 Bb7 4. 0-0 c5 5. d3 e6 6. e4 d5 7. Nbd2 Qc7 8. Re1 Be7 9. e5 Nfd7 10. Nf1 Nc6 11. Qe2 h6 12. c3 g5 13. h3 0-0-0 14. Bd2 Rdg8 15. b4 h5 16. g4 hxg4 17. hxg4 Nf8 18. a4 Ng6 19. a5 Nd8 20. axb6 axb6 21. bxc5 bxc5 22. Reb1 Nc6 23. d4 Nh4 24. Be3 Nxf3+ 25. Qxf3 Rf8 26. Qe2 c4 27. Bc1 Kd7 28. Ne3 Ra8 29. Qb2 Rxa1 30. Rxa1 Ra8 31. Rxa8 Bxa8 32. Bf3 Qa5 33. Kg2 Kc7 34. Nd1 Bb7 35. Be3 Kc8 36. Qc2 Qd8 37. Nb2 Na5 38. Qh7 Qf8 39. Na4 Nb3 40. Nc5 Bc6 41. Nxb3 cxb3 42. Qb1 Ba4 43. Bd1 Qd8 44. Bxb3 Qb6 45. Bc2 Qxb1 46. Bxb1 Bb5 47. Bc2 Kd8 48. f3 Ke8 49. Kf2 Kd8 50. Ke1 Kc7 51. Kd2 Kd7 52. Bh7 Ke8 53. Kc2 Be2 1/2-1/2

[Event "Paulisto-ch"]
[Site "Sao Caetano do Sul"]
[Date "1999.??.??"]
[Round "5"]
[White "Vescovi, Giovanni P"]
[Black "Rodrigues, Adriano Pfuhl"]
[Result "1/2-1/2"]
[WhiteElo "2522"]
[BlackElo "2300"]
[PlyCount "69"]
[EventDate "1999.??.??"]
[EventType "swiss"]
[EventRounds "6"]
[EventCountry "BRA"]
[SourceTitle "EXT 2000"]
[Source "ChessBase"]
[SourceDate "1999.11.16"]
[SourceVersion "1"]
[SourceVersionDate "1999.11.16"]
[SourceQuality "1"]

1. c4 e5 2. Nc3 Nf6 3. g3 Bb4 4. Bg2 0-0 5. e4 Bxc3 6. bxc3 d6 7. d3 Nc6 8. Ne2 Ne8 9. 0-0 f5 10. exf5 Bxf5 11. h3 Nf6 12. g4 Bd7 13. f4 exf4 14. Bxf4 Qe7 15. Ng3 Kh8 16. Qd2 Rae8 17. Bg5 h6 18. Rae1 Ne5 19. Bf4 Qf7 20. Bxb7 Ng6 21. Rxe8 Rxe8 22. Bg2 Nxf4 23. Rxf4 Qe7 24. Ne4 Nxe4 25. Bxe4 Rf8 26. Rxf8+ Qxf8 27. Qb2 a5 28. Qb7 Qd8 29. Qd5 a4 30. c5 Qe7 31. cxd6 cxd6 32. Kf2 Qf6+ 33. Ke2 Be6 34. Qa8+ Bg8 35. Qxa4 1/2-1/2

[Event "BRA-ch"]
[Site "Itabirito"]
[Date "1998.12.12"]
[Round "2.4"]
[White "Rodrigues, Adriano Pfuhl"]
[Black "Vescovi, Giovanni P"]
[Result "1/2-1/2"]
[WhiteElo "2295"]
[BlackElo "2525"]
[PlyCount "76"]
[EventDate "1998.12.??"]
[EventType "k.o."]
[EventRounds "4"]
[EventCountry "BRA"]
[SourceTitle "EXT 2000"]
[Source "ChessBase"]
[SourceDate "1999.11.16"]
[SourceVersion "1"]
[SourceVersionDate "1999.11.16"]
[SourceQuality "1"]

1. e4 d5 2. exd5 Nf6 3. c4 c6 4. d4 cxd5 5. Nc3 Nc6 6. Nf3 e6 7. c5 Be7 8. Bd3 0-0 9. a3 a5 10. 0-0 b6 11. Bb5 Na7 12. c6 Ne4 13. a4 Nxc3 14. bxc3 Qc7 15. Bg5 Bxg5 16. Nxg5 h6 17. Nf3 Nxc6 18. Rc1 Ne7 19. c4 dxc4 20. Rxc4 Qd6 21. Qd3 Bb7 22. Ne5 Rad8 23. Qh3 Nf5 24. Nc6 Bxc6 25. Rxc6 Qxd4 26. g3 Nd6 27. Qh5 Nxb5 28. Qxb5 Rd5 29. Qb3 Rd6 30. Rc4 Qd5 31. Qc2 h5 32. Rb1 g6 33. Rf4 Rc6 34. Qb2 e5 35. Rh4 Rfc8 36. Re1 Rc2 37. Qxb6 Rc1 38. Qe3 Qc5 1/2-1/2

[Event "BRA-ch"]
[Site "Itabirito"]
[Date "1998.12.12"]
[Round "2.3"]
[White "Vescovi, Giovanni P"]
[Black "Rodrigues, Adriano Pfuhl"]
[Result "1-0"]
[WhiteElo "2525"]
[BlackElo "2295"]
[PlyCount "101"]
[EventDate "1998.12.??"]
[EventType "k.o."]
[EventRounds "4"]
[EventCountry "BRA"]
[SourceTitle "EXT 2000"]
[Source "ChessBase"]
[SourceDate "1999.11.16"]
[SourceVersion "1"]
[SourceVersionDate "1999.11.16"]
[SourceQuality "1"]

1. c4 e5 2. Nc3 f5 3. d4 e4 4. f3 exf3 5. exf3 Nf6 6. Bd3 d6 7. Nge2 Nc6 8. Qc2 g6 9. Be3 Bd7 10. a3 Bg7 11. 0-0-0 0-0 12. Kb1 a6 13. h4 b5 14. cxb5 axb5 15. Bxb5 Ne7 16. Bc4+ d5 17. Bd3 Qb8 18. Kc1 Nc8 19. h5 Nd6 20. hxg6 hxg6 21. Bh6 Bxh6+ 22. Rxh6 Kg7 23. Rdh1 Nf7 24. R6h2 c5 25. Qd2 Rc8 26. g4 fxg4 27. fxg4 cxd4 28. Nxd4 Qe5 29. Bc2 Ne4 30. Bxe4 dxe4 31. Rh7+ Kg8 32. Rxf7 Kxf7 33. Rh7+ Kg8 34. Rxd7 Rc7 35. Rxc7 Qxc7 36. Qg5 Ra6 37. Qd5+ Qf7 38. Qxe4 Rd6 39. Kc2 Qc4 40. Nde2 Qf7 41. a4 Re6 42. Qa8+ Re8 43. Qa6 Re6 44. Qd3 Qc7 45. Qd5 Qf7 46. Nd4 Re3 47. Qxf7+ Kxf7 48. a5 Ke8 49. a6 Kd7 50. a7 Re8 51. Nd5 1-0